| 000 | 00659cam a22002292 4500 | ||
|---|---|---|---|
| 001 | 0000020580 | ||
| 005 | 20151217152217.0 | ||
| 008 | 110923s xx 000 0 eng d | ||
| 020 | _a0393315274 : | ||
| 040 |
_aKABU _cKABU |
||
| 100 | 1 |
_aLevy, Matthys. _@0000126195 |
|
| 245 | 1 | 0 |
_aWhy the earth quakes / _cMattys levy, Mario Salvadori. |
| 250 | _a1st ed. | ||
| 260 |
_aNew York : _bW.W. Norton, _c1995. |
||
| 300 | _a215 p. | ||
| 650 | 0 |
_aVolcanoes. _@0000181110 |
|
| 650 | 0 |
_aEarthquakes. _@0000181111 |
|
| 700 | 1 |
_aSalvadori, Mario. _@0000181112 |
|
| 852 | 1 | _9p2015 KES | |
| 908 | _a110923 | ||
| 950 | _@1 | ||
| 999 |
_c9403 _d9403 |
||